000 00920nam a2200265Ia 4500
003 OSt
005 20221005110948.0
006 a|||||r|||| 00| 0
007 ta
008 221004b |||||||| |||| 00| 0 mar d
020 _a9788171195340 (hbk)
_c250
024 _a106093
037 _b1466, 17/03/2011, Kiran Book Service
_cTextual
040 _aCRL
_cCRL
_bmar
041 _2mar
_amar
082 _aO155,3N35,AC, 152M2;Q0
100 _aपवार, दया
245 0 _aअछूत
246 _aAchhūta
260 _aनई दिल्ली
_bराधाकृष्ण भारत
_c2010
300 _a195पृ0
_ccm.
700 _a खडसे, दामोदर, अनु.
942 _hO155,3N35,AC, 152M2;Q0
_cTEXL
_2cc
999 _c1020392
_d1020392